Teoría de la inversión y mercados financieros (Registro nro. 23226)

Detalles MARC
000 -LEADER
fixed length control field 00346 a2200109 4500
001 - CONTROL NUMBER
control field ART_10727
005 - DATE AND TIME OF LATEST TRANSACTION
control field 20260410161831.0
008 - FIXED-LENGTH DATA ELEMENTS--GENERAL INFORMATION
fixed length control field 260409a
100 1# - MAIN ENTRY--PERSONAL NAME
Personal name Milei, Javier Gerardo
245 10 - TITLE STATEMENT
Title Teoría de la inversión y mercados financieros
773 0# - HOST ITEM ENTRY
Title Actualidad Económica
Related parts - Año XVII, Nº 61 (ene./abr. 2007)
Record control number REV5083

No hay ítems disponibles.